000 01163cam a22003257a 4500
003 CHAP
005 20220329141509.0
008 971013s1988 it r 00010 eng d
010 _a69079
011 _a70051
035 _a79531
040 _cCHAP
082 1 0 _a639.2
_bF46 v.419
110 2 _aFAO. Comisión de Pesca para Océano Indico
_939480
245 1 0 _aReport of the session of the Committee for the Development and Management of fisheries in the southwest Indian Ocean (5o.)
260 _aRome :
_bFAO,
_c1988
300 _a76 p.
490 0 _aFAO. Informe de pesca
_v; 419
590 _aBATCH-UPD
_b10
_c20130110
_lUCH01
_h1043
590 _aBATCH-UPD
_b10
_c20130410
_lUCH01
_h0643
590 _aBATCH-UPD
_b10
_c20130914
_lUCH01
_h1348
590 _aCONVERSION
_b10
_c20130109
_lUCH01
_h1338
650 1 4 _aPesca
_xOcéano Indico.
_987406
830 0 _aFAO. Informe de pesca
_v; 419
_939587
901 _aBK
905 _aPatricia Mendoza P.
942 _cLIBRO
949 _a639.2 F46 v.419
_bBC
_cFAO
_d33724000770509
_eFAO1
_gDonaciØn
_h97451
_i79531
_mD
_sb
949 _a639.2 F46 v.419
_bBC
_cFAO
_d33724000770517
_eFAO2
_fc.2
_gDonaciØn
_h97452
_i79531
_mD
_sb
999 _c69079
_d69079